Catálogo
 En Linea

Cañas y bueyes / (Registro nro. 31872)

Detalles MARC
000 -CABECERA
campo de control de longitud fija 00579nam a2200181 a 4500
001 - NÚMERO DE CONTROL
campo de control 000032381
005 - FECHA Y HORA DE LA ÚLTIMA TRANSACCIÓN
campo de control 20240530073920.0
008 - DATOS DE LONGITUD FIJA--INFORMACIÓN GENERAL
campo de control de longitud fija 091021s19uu dr a 000 0 spa d
040 ## - FUENTE DE LA CATALOGACIÓN
Centro catalogador/agencia de origen DO-SdBNP
Lengua de catalogación spa
Centro/agencia transcriptor BNPHU
082 ## - NÚMERO DE LA CLASIFICACIÓN DECIMAL DEWEY
Número de clasificación RD863.44
Número de documento/Ítem M896c
049 ## - FONDOS LOCALES (OCLC)
Fondos de biblioteca BNPD
100 1# - ENTRADA PRINCIPAL--NOMBRE DE PERSONA
Nombre de persona Moscoso Puello, F. E.,
Forma completa/desarrollada del nombre (Francisco Eujenio)
Fechas asociadas al nombre 1885-1959
9 (RLIN) 58361
245 10 - MENCIÓN DE TÍTULO
Título Cañas y bueyes /
Mención de responsabilidad, etc. Francisco Moscoso Puello.
260 ## - PUBLICACIÓN, DISTRIBUCIÓN, ETC.
Lugar de publicación, distribución, etc. Santo Domingo :
Nombre del editor, distribuidor, etc. Editorial La Nación,
Fecha de publicación, distribución, etc. [196?].
300 ## - DESCRIPCIÓN FÍSICA
Extensión 420 p. :
Otras características físicas il. ;
Dimensiones 21 cm.
650 #0 - PUNTO DE ACCESO ADICIONAL DE MATERIA--TÉRMINO DE MATERIA
Término de materia o nombre geográfico como elemento de entrada Novela dominicana
9 (RLIN) 223
650 #0 - PUNTO DE ACCESO ADICIONAL DE MATERIA--TÉRMINO DE MATERIA
Término de materia o nombre geográfico como elemento de entrada Literatura dominicana.
9 (RLIN) 67
Existencias
Estado de retiro Estado de pérdida Restricciones de uso No para préstamo Código de colección Localización permanente Ubicación/localización actual Ubicación en estantería Fecha de adquisición Número de inventario Total de préstamos Signatura topográfica completa Código de barras Fecha visto por última vez Precio válido a partir de Tipo de ítem Koha Nota pública Número de copia
      Excluido de préstamo Raros y valiosos Patrimonio Dominicano Patrimonio Dominicano Depósito 15.07.2011 LF1   RD863.44 M896c 32381-10 25.06.2020 25.06.2020 No se presta Perteneció a la biblioteca personal de Federico Henríquez y Carvajal.  
      Excluido de préstamo Raros y valiosos Patrimonio Dominicano Patrimonio Dominicano Depósito 20.07.2011 LF1   RD863.44 M896c 32381-20 25.06.2020 25.06.2020 No se presta Perteneció a la biblioteca personal de Martínez Boog. e. 2
      Excluido de préstamo Raros y valiosos Patrimonio Dominicano Patrimonio Dominicano Depósito 20.07.2011 LF1   RD863.44 M896c 32381-30 25.06.2020 25.06.2020 No se presta Perteneció a la biblioteca personal de Julio Ortega Frier. e. 3

Con tecnología Koha